zpět

Detail výsledku týmu

Bar První Patro, Kyjov

Datum a čas kvízu

30.5 Celkem bodů Celkový počet nahraných bodů na tomto kvízu bez doplňovacích otázek.
5. Pořadí na kvízu Konečné umístění týmu na tomto kvízu.

Zaznamenané odpovědi

# Otázka Odpověď Body Výsledky
1. V pondělí byl na hradě Špilber... D) je nafukovací 1
2. Minulý týden jsme se dozvěděli... pilot si zapomněl cestovní pas 0
3. 43letý šéfkuchař ukončil na vl... Radek Kašpárek, Jan Punčochář 1
4. Jedna evropská metropole pokra... Paříž 1
5. Jak se jmenuje 19letý český te... Jakub Menšík 1
6. Grónsko sice není zcela suveré... .gl 0
7. Pokud byste chtěli okusit jedn... A 1
8. Že je Grónsko největším ostrov... C 0
9. Které tvrzení o Grónsku je pra... D 1
10. Pod kterým písmenem je snímek... D 1